000 00404nam a2200157Ia 4500
008 160316s1997 xxu||||| |||| 00| 0 eng d
082 _a341.762000
_bDEN
100 _a
245 _aEnvironmental law and management
250 _a
260 _aBangkok
_bDenton Hall Environmental Law and Management Group
_c1997
300 _a4
_b
_c
365 _b
650 _a1. Environmental law
700 _a
_a
999 _c39624
_d39624